Estudio experimental por simulación del diseño de una red LTE de telefonía y datos móviles en Nicaragua.
Presenta un estudio de propagación para entender lo que sería el desempeño estándar LTE para nuestro país Nicaragua, por medio del Software Matlab y ATOLL, se realizan cálculos y proyecciones basados en mediciones de campos a través de drive test que permiten simular un despliegue de red LTE....
| Main Author: | |
|---|---|
| Other Authors: | |
| Format: | Tesis Section = Libro |
| Language: | Undetermined Spanish |
| Published: |
Managua
UNI
2013
|
| Subjects: |
| LEADER | 01096nam a2200241Ia 4500 | ||
|---|---|---|---|
| 008 | 240830s9999 xx 000 0 und d | ||
| 040 | |a BIBLIOTECA-RUSB/ Mon 621.382 R696 | ||
| 041 | |a spa | ||
| 082 | |a Mon 621.382 R696 | ||
| 100 | 1 | |a Rodríguez Aviles, Carlos Eduardo | |
| 245 | 1 | 0 | |a Estudio experimental por simulación del diseño de una red LTE de telefonía y datos móviles en Nicaragua. |
| 260 | |a Managua |b UNI |c 2013 | ||
| 300 | |a p. irreg. :il. | ||
| 500 | |a Contiene: anexos. | ||
| 502 | |a Tesis (Ingeniero Electrónico) - UNI, 2013. | ||
| 520 | 3 | |a Presenta un estudio de propagación para entender lo que sería el desempeño estándar LTE para nuestro país Nicaragua, por medio del Software Matlab y ATOLL, se realizan cálculos y proyecciones basados en mediciones de campos a través de drive test que permiten simular un despliegue de red LTE. | |
| 650 | 7 | |a SISTEMA DE COMUNICACIÓN - MOVIL | |
| 650 | 7 | |b SISTEMA DE RADIOCOMUNICACION | |
| 650 | 7 | |c TELEFONIA MOVIL | |
| 700 | 1 | |a Tutor: |b Arias Olivas, Marvin René | |
| 942 | |c BK |2 ddc | ||
| 991 | |a TESIS | ||
| 999 | |c 20278 | ||